000 00642nam a2200217 a 4500
999 _c2721
_d2721
001 2721
003 BD-JhCC
005 20171106124819.0
008 171106s bg |||| |||| 000 0 ben d
035 _a(BD-JhCC)2721
040 _aBD-JhCC
_dBD-JhCC
041 _aben
082 _a891.443
_bHAQ
100 _aহক,সৈয়দ শামসুল
245 _aরক্ত গোলাপ /
_cসৈয়দ শামসুল হক
260 _aঢাকা :
_bমাওলা ব্রাদর্স,
300 _a২১৭ পৃ. :
_c২১ সেমি.
650 _aBengali novel
942 _2ddc
_cBK